| 000 | 00545nam a2200145 a 4500 | ||
|---|---|---|---|
| 001 | 000034112 | ||
| 005 | 20200930070802.0 | ||
| 008 | 110923s1942 dr a 000 0 spa d | ||
| 040 |
_aDO-SdBNP _bspa _cBNPHU |
||
| 082 | _axxxx | ||
| 100 | 1 |
_aPalm, Erwin Warter, _959545 |
|
| 245 | 1 | 3 |
_aLa puerta de San Diego en Santo Domingo. : _b(del boletín del archivo general de la nación, Vol. V, 1942, No. 23, págs. 282-287) / _cErwin Warter Palm. |
| 260 |
_aCiudad Trujillo, República Dominicana : _bMontalvo, _c1942. |
||
| 300 |
_a[14] p. : _bil. ; _c24 cm. |
||
| 999 |
_c33603 _d33603 |
||